Układ Słoneczny - Statystyki

Ogólne statystyki
  • Ten quiz został rozwiązany 167 razy
    153 od ostatniego zresetowania
  • Średni wynik to 9 z 10
Statystyki odpowiedzi
Obrazkowy Odpowiedź % Poprawnych
Słońce
99%
Ziemia
98%
Jowisz
97%
Mars
97%
Saturn
97%
Neptun
96%
Uran
94%
Wenus
92%
Merkury
88%
Pluton
84%
Nie znaleziono quizów pasujących do podanych kryteriów
Rozkład punktacji
Procent ludzi z każdym wynikiem
Percentyl według liczby udzielonych odpowiedzi
Twoja historia wyników
Nie rozwiązałeś tego quizu od ostatniego zresetowania